|
|
|
|
| LEADER |
00725nam a2200205 i 4500 |
| 001 |
c000075498 |
| 003 |
CARM |
| 005 |
00000000000000.0 |
| 008 |
790220s1978 enk 00011 eng d |
| 019 |
1 |
|
|a 1349037
|5 LACONCORD2021
|
| 020 |
|
|
|a 0263093581
|
| 035 |
|
|
|a (OCoLC)4636050
|5 LACONCORD2021
|
| 040 |
|
|
|a WaMaS
|c WaMaS
|
| 100 |
1 |
|
|a Lees, Marguerite,
|d 1905-
|
| 245 |
1 |
0 |
|a Bid my heart stay /
|c by Marguerite Lees.
|
| 260 |
|
|
|a London :
|b Mills & Boon,
|c c1978.
|
| 300 |
|
|
|a 189 p. ;
|c 19 cm.
|
| 852 |
8 |
|
|b CARM
|h A2:AD27H0
|i A00954
|p 0105068
|f BK
|
| 999 |
f |
f |
|i ef1e915c-8f74-569b-bcfe-07235052107d
|s 6732fc11-a466-5d49-859d-966c1373014d
|
| 952 |
f |
f |
|p Can circulate
|a CAVAL
|b CAVAL
|c CAVAL
|d CARM 1 Store
|e A00954
|f A2:AD27H0
|h Other scheme
|i book
|m 0105068
|